<?xml version="1.0" encoding="UTF-8"?><?xml-stylesheet type="text/xsl" href="static/style.xsl"?><OAI-PMH xmlns="http://www.openarchives.org/OAI/2.0/" xmlns:xsi="http://www.w3.org/2001/XMLSchema-instance" xsi:schemaLocation="http://www.openarchives.org/OAI/2.0/ http://www.openarchives.org/OAI/2.0/OAI-PMH.xsd"><responseDate>2026-04-13T06:13:54Z</responseDate><request verb="GetRecord" identifier="oai:www.recercat.cat:2117/444616" metadataPrefix="marc">https://recercat.cat/oai/request</request><GetRecord><record><header><identifier>oai:recercat.cat:2117/444616</identifier><datestamp>2026-03-08T00:13:10Z</datestamp><setSpec>com_2072_1033</setSpec><setSpec>col_2072_452949</setSpec></header><metadata><record xmlns="http://www.loc.gov/MARC21/slim" xmlns:dcterms="http://purl.org/dc/terms/" xmlns:xsi="http://www.w3.org/2001/XMLSchema-instance" xmlns:doc="http://www.lyncode.com/xoai" xsi:schemaLocation="http://www.loc.gov/MARC21/slim http://www.loc.gov/standards/marcxml/schema/MARC21slim.xsd">
   <leader>00925njm 22002777a 4500</leader>
   <datafield ind2=" " ind1=" " tag="042">
      <subfield code="a">dc</subfield>
   </datafield>
   <datafield ind2=" " ind1=" " tag="720">
      <subfield code="a">Cano-Ciborro, Víctor</subfield>
      <subfield code="e">author</subfield>
   </datafield>
   <datafield ind2=" " ind1=" " tag="260">
      <subfield code="c">2025-10-28</subfield>
   </datafield>
   <datafield ind2=" " ind1=" " tag="520">
      <subfield code="a">En 2024 llegaron a Canarias 46.843 migrantes, consolidando la ruta atlántica como la más letal del mundo. Este contexto evidencia la urgencia de repensar la arquitectura como herramienta crítica frente a la necropolítica y las dinámicas de exclusión. En la Escuela de Arquitectura se desarrolla el taller "Espacialidad migrante: fronteras, desplazamientos y afectos en las Islas Canarias", basado en Research by Design (RbD), que convierte el aula en laboratorio de realidades donde se produce conocimiento situado a través del diseño. El taller se estructura en tres fases: ‘contra-cartografías’, que visibilizan itinerarios, dispositivos de control y condiciones de (in)visibilidad mediante SIG y mapeo afectivo; ‘contra-diseño’, que ensaya infraestructuras efímeras, móviles y adaptativas vinculadas al proceso migratorio; y ‘contra-prototipo’, que explora tácticas materiales y tecnológicas. Los resultados muestran una alta implicación estudiantil y refuerzan la capacidad del diseño para abordar problemáticas sociales desde la justicia espacial.</subfield>
   </datafield>
   <datafield ind2=" " ind1=" " tag="520">
      <subfield code="a">In 2024, 46,843 migrants arrived in the Canary Islands, consolidating the Atlantic route as the deadliest in the world. This context highlights the urgency of rethinking architecture as a critical tool against necropolitics and dynamics of exclusion. At the School of Architecture, the workshop "Migrant Spatialities: Borders, Flows, Affections in the Canary Islands" was developed, based on Research by Design (RbD), turning the classroom into a laboratory of realities where situated knowledge is produced through design. The workshop is structured in three phases: "counter-cartographies", which make visible itineraries, control devices, and conditions of (in)visibility through GIS and affective mapping; "counter-design", which experiments with ephemeral, mobile, and adaptive infrastructures linked to the migratory process; and "counter-prototype", which explores material and technological tactics. The results show high student engagement and reinforce the capacity of design to address social issues from the perspective of spatial justice.</subfield>
   </datafield>
   <datafield ind2=" " ind1=" " tag="520">
      <subfield code="a">El Congreso (22893/OC/25) ha sido financiado por la Consejería de Medio Ambiente, Universidades, Investigación y Mar Menor, a través de la Fundación Séneca-Agencia de Ciencia y Tecnología de la Región de Murcia (http://www.fseneca.es) con cargo al Programa Regional de Movilidad, Colaboración internacional e Intercambio de Conocimiento “Jiménez de la Espada” en el marco de la convocatoria de ayudas a la organización de congresos y reuniones científico-técnicas (plan de actuación 2025). Agradecimientos: Al alumnado por su compromiso y excelso trabajo, y de manera especial a las asociaciones “Nahia” y “Hay Raíces” por su valiosa labor con la comunidad migrante y por la generosa acogida que siempre nos han brindado.</subfield>
   </datafield>
   <datafield ind2=" " ind1=" " tag="520">
      <subfield code="a">Peer Reviewed</subfield>
   </datafield>
   <datafield tag="653" ind2=" " ind1=" ">
      <subfield code="a">Àrees temàtiques de la UPC::Arquitectura</subfield>
   </datafield>
   <datafield tag="653" ind2=" " ind1=" ">
      <subfield code="a">Àrees temàtiques de la UPC::Ensenyament i aprenentatge</subfield>
   </datafield>
   <datafield tag="653" ind2=" " ind1=" ">
      <subfield code="a">Architecture -- Study and teaching (Higher)</subfield>
   </datafield>
   <datafield tag="653" ind2=" " ind1=" ">
      <subfield code="a">Service learning</subfield>
   </datafield>
   <datafield tag="653" ind2=" " ind1=" ">
      <subfield code="a">Problem-based learning</subfield>
   </datafield>
   <datafield tag="653" ind2=" " ind1=" ">
      <subfield code="a">Place-based education</subfield>
   </datafield>
   <datafield tag="653" ind2=" " ind1=" ">
      <subfield code="a">Migración</subfield>
   </datafield>
   <datafield tag="653" ind2=" " ind1=" ">
      <subfield code="a">Research by design</subfield>
   </datafield>
   <datafield tag="653" ind2=" " ind1=" ">
      <subfield code="a">Contra-cartografía</subfield>
   </datafield>
   <datafield tag="653" ind2=" " ind1=" ">
      <subfield code="a">Contra-diseño</subfield>
   </datafield>
   <datafield tag="653" ind2=" " ind1=" ">
      <subfield code="a">Justicia espacial</subfield>
   </datafield>
   <datafield tag="653" ind2=" " ind1=" ">
      <subfield code="a">Migration</subfield>
   </datafield>
   <datafield tag="653" ind2=" " ind1=" ">
      <subfield code="a">Research by design</subfield>
   </datafield>
   <datafield tag="653" ind2=" " ind1=" ">
      <subfield code="a">Counter-cartography</subfield>
   </datafield>
   <datafield tag="653" ind2=" " ind1=" ">
      <subfield code="a">Counter-design</subfield>
   </datafield>
   <datafield tag="653" ind2=" " ind1=" ">
      <subfield code="a">Spatial justice</subfield>
   </datafield>
   <datafield tag="653" ind2=" " ind1=" ">
      <subfield code="a">Arquitectura -- Ensenyament universitari</subfield>
   </datafield>
   <datafield tag="653" ind2=" " ind1=" ">
      <subfield code="a">Aprenentatge servei</subfield>
   </datafield>
   <datafield tag="653" ind2=" " ind1=" ">
      <subfield code="a">Aprenentatge basat en problemes</subfield>
   </datafield>
   <datafield tag="653" ind2=" " ind1=" ">
      <subfield code="a">Educació pel territori</subfield>
   </datafield>
   <datafield ind2="0" ind1="0" tag="245">
      <subfield code="a">Research by design y crisis migratoria en Canarias: contra-cartografía y contra-diseño</subfield>
   </datafield>
   <datafield ind2="0" ind1="0" tag="245">
      <subfield code="a">RbD and migration crisis in the Canary Islands: counter-cartography y counter-design</subfield>
   </datafield>
</record></metadata></record></GetRecord></OAI-PMH>